| 000 | 00566nam a2200205 4500 | ||
|---|---|---|---|
| 003 | OSt | ||
| 005 | 20240619093522.0 | ||
| 008 | 240619b |||||||| |||| 00| 0 eng d | ||
| 020 | _a0340677007 | ||
| 040 | _cMUST | ||
| 082 | _a512 BER 1996 | ||
| 100 |
_aBerry, J _917478 |
||
| 245 |
_aIntroduction to non-linear systems / _cJ Berry |
||
| 260 |
_aLondon _bArnold _c1996 |
||
| 300 |
_axi,212.: _bill.; _c24cm. |
||
| 440 |
_aModular mathematics series _96275 |
||
| 504 | _aIncludes bibliographical references and index | ||
| 650 | _aMathematics | ||
| 942 |
_2ddc _cO_SHELF |
||
| 999 |
_c8630 _d8630 |
||